000 00854nam a2200277 a 4500
001 000026662
003 DO-SdBNP
005 20240411121216.0
007 ta
008 091118s1969 dr r 000 0 spa d
040 _aDO-SdBNP
_bspa
_cBNPHU
_erda
082 _a305.80097293
_bF825n 1969.
_222
100 1 _aFranco, Franklin J.
_eautor
_919014
245 1 4 _aLos negros, los mulatos y la nación dominicana /
_cFranklin J. Franco
250 _a2a. edición
264 _aSanto Domingo :
_bNacional,
_c1969.
300 _a162 paginas ;
_c18 cm.
336 _2rdacontent
_atexto
_btxt
337 _2rdamedia
_asin mediación
_bn
338 _2rdacarrier
_avolumen
_bnc
590 _aInventariado, 2023 / DG
650 4 _aEsclavitud
_zRepública Dominicana
_929788
650 4 _aNegros
_zRepública Dominicana
_92558
910 _aDG
942 _2ddc
_cLBS1
999 _c54255
_d54255